Afghan communism and Soviet intervention / (Record no. 542437)
[ view plain ]
| 000 -LEADER | |
|---|---|
| fixed length control field | 00717cam a2200193 a 4500 |
| 020 ## - INTERNATIONAL STANDARD BOOK NUMBER | |
| International Standard Book Number | 0195790170 |
| 082 00 - DEWEY DECIMAL CLASSIFICATION NUMBER | |
| Classification number | 320.532091593 |
| Author Mark | BRA |
| -- | N-01,P-39 |
| 100 1# - MAIN ENTRY--PERSONAL NAME | |
| Personal name | Bradsher, Henry S. |
| 9 (RLIN) | 37609 |
| 245 10 - TITLE STATEMENT | |
| Title | Afghan communism and Soviet intervention / |
| Statement of responsibility, etc. | Henry S. Bradsher. |
| 260 ## - PUBLICATION, DISTRIBUTION, ETC. | |
| Place of publication, distribution, etc. | Oxford ; |
| -- | New York : |
| Name of publisher, distributor, etc. | Oxford University Press, |
| Date of publication, distribution, etc. | 1999. |
| 300 ## - PHYSICAL DESCRIPTION | |
| Extent | xviii, 443 p. ; |
| Dimensions | 23 cm. |
| 526 ## - STUDY PROGRAM INFORMATION NOTE | |
| Program name | 0 |
| Interest level | 0 |
| Reading level | 0 |
| Title point value | 320_532091593000000_BRA |
| 650 #0 - SUBJECT ADDED ENTRY--TOPICAL TERM | |
| Topical term or geographic name entry element | Communism |
| Geographic subdivision | Afghanistan |
| General subdivision | History |
| 9 (RLIN) | 37610 |
| 650 #0 - SUBJECT ADDED ENTRY--TOPICAL TERM | |
| Topical term or geographic name entry element | Communism |
| Geographic subdivision | Afghanistan. |
| 9 (RLIN) | 37611 |
| 650 #0 - SUBJECT ADDED ENTRY--TOPICAL TERM | |
| Topical term or geographic name entry element | MCE |
| 9 (RLIN) | 379 |
| 856 42 - ELECTRONIC LOCATION AND ACCESS | |
| Uniform Resource Identifier | <a href="http://www.loc.gov/catdir/enhancements/fy0635/00267153-d.html">http://www.loc.gov/catdir/enhancements/fy0635/00267153-d.html</a> |
| 856 42 - ELECTRONIC LOCATION AND ACCESS | |
| Uniform Resource Identifier | <a href="http://www.loc.gov/catdir/enhancements/fy0723/00267153-b.html">http://www.loc.gov/catdir/enhancements/fy0723/00267153-b.html</a> |
| 942 ## - ADDED ENTRY ELEMENTS (KOHA) | |
| Source of classification or shelving scheme | |
| Koha item type | Book |
| Withdrawn status | Lost status | Source of classification or shelving scheme | Damaged status | Not for loan | Permanent Location | Current Location | Date acquired | Total Checkouts | Full call number | Barcode | Date last seen | Price effective from | Koha item type |
|---|---|---|---|---|---|---|---|---|---|---|---|---|---|
| Military College of Engineering (MCE) | Military College of Engineering (MCE) | 12/20/2013 | 320.532091593 BRA | MCE-44311 | 12/20/2013 | 12/20/2013 | Book |
